| 000 | 00575cas a2200157 4500 | ||
|---|---|---|---|
| 008 | 150813n eng u | ||
| 022 | _a0022152X | ||
| 035 | _a(Sirsi) a191596 | ||
| 050 | _aQD400.J6H4C5 | ||
| 245 | _aJournal of Heterocyclic Chemistry: The International Journal of Heterocyclic Chemistry | ||
| 260 |
_aProvo _b Parish Chemical Company _c 1974 |
||
| 310 | _aAnnually | ||
| 362 | _aVol. 11, No. 1, 1974 - Vol. 13, No. 6, 1976 | ||
| 520 | _aIt contains articles in communications, notes from chemists of research in heterocyclic chemistry | ||
| 650 | _aScience | ||
| 999 |
_c9755 _d9755 |
||